| 000 | 01486nam a2200361 a 4500 | ||
|---|---|---|---|
| 001 | ebr10650053 | ||
| 003 | CaPaEBR | ||
| 006 | m u | ||
| 007 | cr cn||||||||| | ||
| 008 | 111019s2011 enkacd sb 001 0 eng d | ||
| 010 | _z 2011535601 | ||
| 020 | _z9781906093648 (hbk.) | ||
| 020 | _z1906093644 (hbk.) | ||
| 020 | _z9781907643422 (e-book) | ||
| 040 |
_aCaPaEBR _cCaPaEBR |
||
| 035 | _a(OCoLC)827237054 | ||
| 050 | 1 | 4 |
_aHD39.5 _b.W38 2011eb |
| 100 | 1 |
_aWarner, Michael, _d1963- |
|
| 245 | 1 | 0 |
_aLocal content in procurement _h[electronic resource] : _bcreating local jobs and competitive domestic industries in supply chains / _cMichael Warner. |
| 260 |
_aSheffield, U.K. : _bGreenleaf Pub., _c[2011] |
||
| 300 |
_axi, 227 p. : _bill., port. |
||
| 504 | _aIncludes bibliographical references and index. | ||
| 533 |
_aElectronic reproduction. _bPalo Alto, Calif. : _cebrary, _d2013. _nAvailable via World Wide Web. _nAccess may be limited to ebrary affiliated libraries. |
||
| 650 | 0 |
_aIndustrial procurement _xManagement. |
|
| 650 | 0 |
_aPetroleum industry and trade _xMaterials management. |
|
| 650 | 0 |
_aGas industry _xMaterials management. |
|
| 650 | 0 |
_aMineral industries _xMaterials management. |
|
| 650 | 0 | _aRegional economics. | |
| 650 | 0 | _aJob creation. | |
| 655 | 7 |
_aElectronic books. _2local |
|
| 710 | 2 | _aebrary, Inc. | |
| 856 | 4 | 0 |
_uhttp://site.ebrary.com/lib/rucke/Doc?id=10650053 _zAn electronic book accessible through the World Wide Web; click to view |
| 999 |
_c74650 _d74650 |
||